Formula 1 But Every Decade is a Season - Statistics

General Stats
  • This quiz has been taken 26 times
    17 since last reset
  • The average score is 71 of 80
Answer Stats
Decade Points Answer Nationality % Correct
1980s 170 Alain Prost France
100%
1990s 53 Alain Prost France
100%
1980s 77 Ayrton Senna Brazil
100%
1990s 80 Ayrton Senna Brazil
100%
2020s* 46 Carlos Sainz Spain
100%
2020s* 78 Charles Leclerc Monaco
100%
1990s 84 Damon Hill UK
100%
2000s 97 Fernando Alonso Spain
100%
2010s 75 Fernando Alonso Spain
100%
2020s* 54 George Russell UK
100%
1960s 128 Graham Hill UK
100%
2000s 62 Jenson Button UK
100%
2010s 44 Jenson Button UK
100%
1950s 155 Juan Manuel Fangio Argentina
100%
1980s 63 Keke Rosberg Finland
100%
2000s 109 Kimi Räikkönen Finland
100%
2010s 72 Kimi Räikkönen Finland
100%
2020s* 79 Lando Norris UK
100%
2000s 53 Lewis Hamilton UK
100%
2010s 189 Lewis Hamilton UK
100%
2020s* 90 Lewis Hamilton UK
100%
2010s 45 Max Verstappen Netherlands
100%
2020s* 139 Max Verstappen Netherlands
100%
1990s 120 Michael Schumacher Germany
100%
2000s 158 Michael Schumacher Germany
100%
1990s 90 Mika Häkkinen Finland
100%
2010s 83 Nico Rosberg Germany
100%
1970s 92 Niki Lauda Austria
100%
1980s 37 Niki Lauda Austria
100%
1960s 43 Phil Hill US
100%
2000s 55 Ralf Schumacher Germany
100%
2010s 183 Sebastian Vettel Germany
100%
2020s* 61 Sergio Pérez Mexico
100%
2010s 69 Valtteri Bottas Finland
100%
2020s* 34 Valtteri Bottas Finland
100%
2010s 54 Daniel Ricciardo Australia
93%
2000s 45 Felipe Massa Brazil
93%
1960s 66 Jackie Stewart UK
93%
1970s 78 Jackie Stewart UK
93%
1990s 53 Jacques Villeneuve Canada
93%
1970s 55 James Hunt UK
93%
1980s 59 Nigel Mansell UK
93%
1990s 55 Nigel Mansell UK
93%
2020s* 37 Oscar Piastri Australia
93%
1950s 78 Alberto Ascari Italy
87%
1960s 78 Bruce McLaren New Zealand
87%
1970s 96 Emerson Fittipaldi Brazil
87%
1980s 37 Gerhard Berger Austria
87%
1990s 79 Gerhard Berger Austria
87%
1950s 85 Giuseppe Farina Italy
87%
1960s 82 Jack Brabham Australia
87%
1960s 113 Jim Clark UK
87%
1970s 85 Jody Scheckter South Africa
87%
2000s 64 Juan Pablo Montoya Colombia
87%
2020s* 31 Kimi Antonelli Italy
87%
2010s 53 Mark Webber Australia
87%
1980s 134 Nelson Piquet Brazil
87%
2000s 100 Rubens Barrichello Brazil
87%
1950s 87 Stirling Moss UK
87%
1980s 40 Alan Jones Australia
80%
1960s 58 Denny Hulme New Zealand
80%
1970s 44 Jacky Ickx Belgium
80%
1960s 93 John Surtees UK
80%
1970s 52 Mario Andretti US
80%
1950s 74 Mike Hawthorn UK
80%
1980s 42 René Arnoux France
80%
1970s 62 Carlos Reutemann Argentina
73%
1990s 67 David Coulthard UK
73%
2000s 51 David Coulthard UK
73%
1970s 63 Ronnie Peterson Sweden
73%
1990s 66 Jean Alesi France
67%
1980s 52 Michele Alboreto Italy
67%
1970s 75 Clay Regazzoni Switzerland
60%
1960s 56 Dan Gurney US
60%
1950s 43 José Froilán González Argentina
60%
1950s 40 Maurice Trintignant France
60%
1950s 27 Peter Collins UK
60%
1950s 43 Tony Brooks UK
60%
1950s 31 Piero Taruffi Italy
47%
1960s 47 Richie Ginther US
47%
No matching quizzes found
Score Distribution
Percent of People with Each Score
Percentile by Number Answered
Your Score History
You have not taken this quiz since the last reset